[Event "SR 3. liga A2 2004/2005"]
[Site "?"]
[Date "2005.??.??"]
[Round "?"]
[White "Jozefovic, Milan"]
[Black "Zarecky, Eduard"]
[Result "1-0"]
[WhiteElo "1730"]
[BlackElo "1920"]
[Annotator "Modranka - Gbely"]
[PlyCount "137"]
[EventDate "2004.??.??"]

1. e4 c5 2. Bc4 Nc6 3. Nf3 g6 4. d4 cxd4 5. Nxd4 Bg7 6. c3 Qb6 7. Nxc6 dxc6 8.
O-O Nf6 9. Qc2 Ng4 10. h3 Ne5 11. Be3 Qc7 12. Be2 O-O 13. Nd2 b6 14. f4 Nd7 15.
e5 Nc5 16. Bxc5 bxc5 17. Ne4 Bf5 18. Bf3 Rab8 19. c4 Bh6 20. g4 Bxe4 21. Bxe4
Rfd8 22. g5 Bf8 23. Rfd1 Rd4 24. Rxd4 cxd4 25. Rf1 c5 26. b3 e6 27. h4 Be7 28.
Kg2 Kg7 29. Qe2 a5 30. h5 a4 31. h6+ Kg8 32. Bc2 axb3 33. Bxb3 Qd8 34. Qd2 Qc7
35. Re1 Qb7+ 36. Kg3 Qb4 37. Rd1 Qxd2 38. Rxd2 Bd8 39. Kf3 Ba5 40. Rd1 Bc3 41.
Ke2 Kf8 42. Kd3 Ke7 43. Rb1 Kd8 44. Kc2 Kc7 45. Rf1 Rd8 46. Rf3 Ra8 47. Rd3 Kb6
48. Rd1 Ka5 49. Rb1 Rb8 50. Kd3 Bb4 51. Bc2 Rb6 52. Rb3 Ka6 53. Ke2 Rb7 54. a3
d3+ 55. Bxd3 Ba5 56. Rb5 Rxb5 57. cxb5+ Kb6 58. a4 Bc3 59. Bc4 Bb2 60. Kd3 Bc1
61. Ke4 Ka5 62. b6 Kxb6 63. Bb5 Ka5 64. Be8 c4 65. Bxf7 c3 66. Bxg6 Bxf4 67.
Kxf4 hxg6 68. Ke3 Kxa4 69. h7 1-0

[Event "SR 3. liga A2 2004/2005"]
[Site "?"]
[Date "2005.??.??"]
[Round "?"]
[White "Gajarsky, Julius"]
[Black "Kocak, Branislav"]
[Result "0-1"]
[WhiteElo "1840"]
[BlackElo "1660"]
[Annotator "Modranka - Gbely"]
[PlyCount "110"]
[EventDate "2004.??.??"]

1. Nf3 Nf6 2. c4 e6 3. Nc3 d5 4. e3 c5 5. d4 Nc6 6. Be2 Be7 7. O-O O-O 8. a3 a6
9. dxc5 dxc4 10. Qc2 Bxc5 11. Rd1 Qc7 12. Bxc4 Rd8 13. b4 Rxd1+ 14. Qxd1 Be7
15. Bb2 Nxb4 16. Qb3 Nc6 17. Be2 Na5 18. Qc2 Bd7 19. Rc1 Rc8 20. Qd1 Qb6 21.
Rb1 Qb3 22. Ne5 Qxd1+ 23. Rxd1 Be8 24. Rb1 Nb3 25. Rd1 Rd8 26. Bd3 Nc5 27. Bc2
Rxd1+ 28. Bxd1 Nfd7 29. Nb1 Nxe5 30. Bxe5 f6 31. Bd4 e5 32. Bc3 Kf8 33. Bc2 g6
34. Bb4 b6 35. Nc3 a5 36. Bxc5 Bxc5 37. a4 Bc6 38. Kf1 Ke7 39. Ne4 h6 40. Ke2
f5 41. Nxc5 bxc5 42. f3 Kd6 43. g3 c4 44. f4 exf4 45. gxf4 Kc5 46. h4 h5 47.
Kd2 Kb4 48. Bd1 Bxa4 49. Bf3 Be8 50. Bd5 a4 51. Kc2 a3 52. e4 fxe4 53. Bxe4 Bf7
54. f5 gxf5 55. Bxf5 c3 0-1

[Event "SR 3. liga A2 2004/2005"]
[Site "?"]
[Date "2005.??.??"]
[Round "?"]
[White "Kozinka, Jan"]
[Black "Papanek, Lubomir"]
[Result "1/2-1/2"]
[WhiteElo "1720"]
[BlackElo "1655"]
[Annotator "Modranka - Gbely"]
[PlyCount "70"]
[EventDate "2004.??.??"]

1. e4 c5 2. Nf3 Nc6 3. d4 cxd4 4. Nxd4 Nf6 5. Nc3 a6 6. Be2 d6 7. O-O e5 8. Nf3
Be6 9. Be3 Ng4 10. Bg5 Be7 11. Bxe7 Qxe7 12. Qd2 O-O 13. Nd5 Bxd5 14. exd5 Na7
15. Rae1 b5 16. Bd3 Nf6 17. Bf5 Nc8 18. Bxc8 Rfxc8 19. Ng5 h6 20. Ne4 Rc4 21.
Nxf6+ Qxf6 22. Re3 Rac8 23. c3 Qg5 24. Rd1 f5 25. a3 f4 26. Rd3 Rf8 27. f3 h5
28. Re1 Rf6 29. Qf2 Rg6 30. Rd2 h4 31. h3 Qd8 32. Kf1 Rh6 33. Re4 Qc7 34. Qe2
Rf6 35. Rxc4 bxc4 1/2-1/2

[Event "SR 3. liga A2 2004/2005"]
[Site "?"]
[Date "2005.??.??"]
[Round "?"]
[White "Stetina, Erik"]
[Black "Ivan, Imrich ml"]
[Result "0-1"]
[WhiteElo "1835"]
[BlackElo "2020"]
[Annotator "Trnava C - Velky Meder"]
[PlyCount "78"]
[EventDate "2004.??.??"]

1. e4 e6 2. d4 d5 3. e5 c5 4. c3 Nc6 5. Nf3 Qb6 6. Be2 cxd4 7. cxd4 Bb4+ 8. Nc3
Nge7 9. O-O Bxc3 10. bxc3 Bd7 11. Ba3 Qa5 12. Qb3 O-O 13. Bxe7 Nxe7 14. Qxb7
Rfd8 15. Rab1 Qxa2 16. Rb2 Qa3 17. Rfb1 Qxc3 18. Ba6 h6 19. h3 Kh7 20. Rb3 Qa5
21. g4 Ng6 22. Bd3 Kg8 23. Bxg6 fxg6 24. g5 Rac8 25. Nh4 Rc7 26. Qb4 Qxb4 27.
Rxb4 hxg5 28. Nf3 Kf7 29. Nxg5+ Ke7 30. R4b3 Rdc8 31. Kg2 a5 32. Rb6 Ra8 33.
R1b3 Rf8 34. Ra6 Rc2 35. Rxa5 Rfxf2+ 36. Kg3 Rg2+ 37. Kh4 Rcd2 38. Nf3 g5+ 39.
Kh5 Be8# 0-1

[Event "SR 3. liga A2 2004/2005"]
[Site "?"]
[Date "2005.??.??"]
[Round "?"]
[White "Csefalvay, Stefan"]
[Black "Halas, Miroslav"]
[Result "1-0"]
[WhiteElo "1910"]
[BlackElo "1830"]
[Annotator "Trnava C - Velky Meder"]
[PlyCount "93"]
[EventDate "2004.??.??"]

1. Nf3 c5 2. g3 d5 3. Bg2 Nc6 4. O-O e5 5. d3 Nf6 6. Bg5 Be7 7. Nbd2 O-O 8. e4
dxe4 9. dxe4 Bg4 10. Re1 Qb6 11. Qc1 Rad8 12. Nc4 Qc7 13. c3 b5 14. Ne3 Be6 15.
Qc2 Rd7 16. Rad1 Rfd8 17. Rxd7 Rxd7 18. Bxf6 Bxf6 19. Rd1 Rxd1+ 20. Qxd1 Bxa2
21. b3 c4 22. b4 Qd8 23. Nd5 Kf8 24. Qa1 Bb3 25. Qa6 Ne7 26. Qxb5 Nxd5 27. exd5
Qb6 28. Qd7 Qd8 29. Qc6 Qb6 30. Qc8+ Ke7 31. Nd2 Qd8 32. Qc5+ Qd6 33. Qxa7+ Qd7
34. Qc5+ Qd6 35. Ne4 Qxc5 36. bxc5 Kd7 37. Nxf6+ gxf6 38. Be4 h6 39. Kg2 Ba4
40. Kh3 Ke7 41. Bf5 Bd1 42. d6+ Kf8 43. c6 Bf3 44. c7 e4 45. d7 e3 46. d8=Q+
Kg7 47. c8=Q 1-0

[Event "SR 3. liga A2 2004/2005"]
[Site "?"]
[Date "2005.??.??"]
[Round "?"]
[White "Uvacek, Radovan"]
[Black "Vizvari, Ludovit"]
[Result "0-1"]
[WhiteElo "1735"]
[BlackElo "1790"]
[Annotator "Trnava C - Velky Meder"]
[PlyCount "80"]
[EventDate "2004.??.??"]

1. e4 c5 2. Nc3 Nc6 3. Nf3 e6 4. d4 cxd4 5. Nxd4 a6 6. Nxc6 bxc6 7. Be3 d5 8.
Be2 Bb4 9. Qd4 Bf8 10. Qe5 Qd6 11. Qd4 e5 12. Qa4 d4 13. Rd1 Bd7 14. Bc1 Qb4
15. a3 Qb6 16. Nb1 c5 17. Qc4 Nf6 18. Bf3 Bd6 19. O-O Bb5 20. Qb3 O-O 21. a4 c4
22. Qa2 Qa5 23. Bd2 Qxa4 24. Qxa4 Bxa4 25. Rc1 Rab8 26. Na3 Bxa3 27. bxa3 Rb2
28. Bb4 Rb8 29. Bd6 R8b5 30. c3 d3 31. Be7 Bc2 32. Bxf6 gxf6 33. Bd1 Bxd1 34.
Rfxd1 R5b3 35. a4 Ra3 36. Rb1 Rxb1 37. Rxb1 Rxc3 38. Kf1 Rc2 39. Ke1 c3 40. a5
Re2+ 0-1

[Event "SR 3. liga A2 2004/2005"]
[Site "?"]
[Date "2005.??.??"]
[Round "?"]
[White "Szabo, Gabor"]
[Black "Jancik, Ondrej"]
[Result "0-1"]
[WhiteElo "1675"]
[BlackElo "1720"]
[Annotator "Trnava C - Velky Meder"]
[PlyCount "78"]
[EventDate "2004.??.??"]

1. e4 c5 2. c3 d5 3. exd5 Qxd5 4. d4 Nc6 5. Nf3 Nf6 6. Be2 e5 7. c4 Qd6 8. d5
Nd4 9. Nc3 Bf5 10. O-O Be7 11. Be3 O-O 12. Bxd4 exd4 13. Nb5 Qb8 14. Bd3 Bd7
15. a4 a6 16. Na3 Re8 17. Re1 Bd6 18. Nc2 Qc7 19. a5 Bg4 20. Rxe8+ Rxe8 21. h3
Bh5 22. b4 Kf8 23. g4 Bg6 24. Bxg6 hxg6 25. bxc5 Bxc5 26. Ncxd4 Ne4 27. Qd3 Qf4
28. Re1 Bxd4 29. Qxd4 Qxf3 30. d6 Nf6 31. Rxe8+ Kxe8 32. Qe5+ Kf8 33. Qe7+ Kg8
34. g5 Ne4 35. Qd8+ Kh7 36. Qb6 Qd1+ 37. Kg2 Nxd6 38. c5 Qd5+ 39. Kh2 Ne4 0-1

[Event "SR 3. liga A2 2004/2005"]
[Site "?"]
[Date "2005.??.??"]
[Round "?"]
[White "Horak, Ivan"]
[Black "Vach, Pavol"]
[Result "0-1"]
[WhiteElo "2180"]
[BlackElo "2145"]
[Annotator "Gbely - Senica B"]
[PlyCount "36"]
[EventDate "2004.??.??"]

1. e4 e6 2. d4 d5 3. Nd2 Nf6 4. e5 Nfd7 5. Bd3 c5 6. c3 Nc6 7. Ne2 Qb6 8. Nf3
cxd4 9. cxd4 Bb4+ 10. Kf1 Be7 11. a3 O-O 12. b4 a6 13. h4 f5 14. exf6 Nxf6 15.
Bf4 Ng4 16. Bb1 e5 17. Bg3 e4 18. Ng5 Ne3+ 0-1

[Event "SR 3. liga A2 2004/2005"]
[Site "?"]
[Date "2005.??.??"]
[Round "?"]
[White "Palka, Miroslav"]
[Black "Vach, Jozef"]
[Result "1-0"]
[WhiteElo "2060"]
[BlackElo "2035"]
[Annotator "Gbely - Senica B"]
[PlyCount "155"]
[EventDate "2004.??.??"]

1. c4 Nf6 2. Nc3 c5 3. e4 Nc6 4. g3 g6 5. Bg2 Bg7 6. Nge2 O-O 7. O-O d6 8. d3
Rb8 9. Rb1 a6 10. f4 e5 11. fxe5 dxe5 12. Nd5 Qd6 13. Nec3 b5 14. Nxf6+ Bxf6
15. Nd5 Bg7 16. Be3 Nd4 17. b3 b4 18. Qd2 f6 19. Rf2 Rb7 20. Bh6 Rbf7 21. Rbf1
Bd7 22. h3 a5 23. Bxg7 Kxg7 24. g4 h6 25. Qd1 g5 26. Qc1 a4 27. Qb2 axb3 28.
axb3 Bc6 29. Ra1 Ra8 30. Rxa8 Bxa8 31. Rf1 Bxd5 32. exd5 Ra7 33. Bf3 Ra3 34.
Bd1 Qa6 35. Rf2 Ra1 36. Rf1 Ra2 37. Qc1 Ne2+ 38. Bxe2 Rxe2 39. Qa1 Qa3 40. Qb1
Qa2 41. Qxa2 Rxa2 42. Rf2 Ra3 43. Rb2 Kg6 44. Kg2 Ra1 45. Kf3 Rd1 46. Ke3 Rh1
47. Ra2 Rxh3+ 48. Ke4 Rg3 49. d6 Rxg4+ 50. Kd5 Rd4+ 51. Kxc5 Rxd3 52. Kc6 e4
53. d7 Kf7 54. Ra8 e3 55. Kc7 f5 56. Re8 f4 57. d8=Q Rxd8 58. Kxd8 g4 59. c5 g3
60. c6 g2 61. Re7+ Kf6 62. c7 g1=Q 63. c8=Q Qg8+ 64. Re8 Qd5+ 65. Qd7 Qxd7+ 66.
Kxd7 Kf5 67. Kd6 Kg4 68. Kd5 f3 69. Re4+ Kg3 70. Rxe3 Kg2 71. Re6 h5 72. Rg6+
Kf1 73. Rh6 Ke2 74. Rxh5 f2 75. Rf5 f1=Q 76. Rxf1 Kxf1 77. Kc4 Ke2 78. Kxb4 1-0

[Event "SR 3. liga A2 2004/2005"]
[Site "?"]
[Date "2005.??.??"]
[Round "?"]
[White "Pribila, Gerhard"]
[Black "Spapikova, Lubica"]
[Result "0-1"]
[WhiteElo "1945"]
[BlackElo "2000"]
[Annotator "Gbely - Senica B"]
[PlyCount "76"]
[EventDate "2004.??.??"]

1. e4 e5 2. Nf3 Nc6 3. d4 exd4 4. Nxd4 Nf6 5. Nxc6 bxc6 6. e5 Nd5 7. Bd3 Be7 8.
O-O O-O 9. c4 Nb6 10. b3 d6 11. Bb2 d5 12. Qc2 h6 13. c5 Nd7 14. b4 a5 15. a3
Ba6 16. Nd2 Bxd3 17. Qxd3 axb4 18. axb4 Re8 19. Qf5 Nf8 20. Nb3 Ne6 21. g3 Qd7
22. Qd3 Reb8 23. Bc3 Ng5 24. Nd2 Nh3+ 25. Kg2 Qg4 26. Qf3 Qe6 27. Qh5 Ng5 28.
f4 d4 29. fxg5 dxc3 30. Ne4 Rxa1 31. Rxa1 Qxe5 32. Re1 Qd5 33. Kh3 c2 34. Qe2
Rxb4 35. Qxc2 Rc4 36. Qb1 hxg5 37. Nf6+ gxf6 38. Rxe7 g4+ 0-1

[Event "SR 3. liga A2 2004/2005"]
[Site "?"]
[Date "2005.??.??"]
[Round "?"]
[White "Fidericky, Milan"]
[Black "Jozefovic, Milan"]
[Result "1-0"]
[WhiteElo "1945"]
[BlackElo "1730"]
[Annotator "Gbely - Senica B"]
[PlyCount "118"]
[EventDate "2004.??.??"]

1. Nf3 d5 2. d4 Nc6 3. Bf4 Nf6 4. e3 e6 5. Bd3 Bd6 6. Nbd2 Nb4 7. Nb3 Nxd3+ 8.
Qxd3 Bxf4 9. exf4 Ne4 10. O-O Qf6 11. Qe3 Bd7 12. Ne5 O-O-O 13. a4 Qe7 14. f3
Nd6 15. Nc5 b6 16. Ncxd7 Rxd7 17. Nxd7 Qxd7 18. b3 h5 19. Rfe1 Rh6 20. Re2 h4
21. Qd3 Kb7 22. c4 Rf6 23. c5 Nc8 24. Rc2 c6 25. b4 Rxf4 26. b5 Ne7 27. cxb6
axb6 28. Qd2 g5 29. a5 cxb5 30. axb6 Nc6 31. Ra7+ Nxa7 32. bxa7 Kxa7 33. Qa5+
Kb7 34. Rc5 Rf5 35. Rxb5+ Qxb5 36. Qxb5+ Kc7 37. Qc5+ Kd7 38. Qc1 Ke7 39. Qe3
Kf6 40. g3 hxg3 41. hxg3 Kg7 42. Kg2 Kh6 43. Qa3 Kg7 44. Qe7 Rf6 45. Qd8 Rg6
46. Qb8 Rf6 47. Qe5 Kg6 48. g4 Rf4 49. Qh8 f6 50. Qg8+ Kh6 51. Qxe6 Kg6 52.
Qxd5 f5 53. gxf5+ Rxf5 54. Qe4 Kf6 55. Qc6+ Kg7 56. d5 Rf6 57. d6 Rf8 58. d7 g4
59. Qc3+ Kg6 1-0

[Event "SR 3. liga A2 2004/2005"]
[Site "?"]
[Date "2005.??.??"]
[Round "?"]
[White "Kocak, Branislav"]
[Black "Sipkovsky, Ivan"]
[Result "1/2-1/2"]
[WhiteElo "1660"]
[BlackElo "1835"]
[Annotator "Gbely - Senica B"]
[PlyCount "47"]
[EventDate "2004.??.??"]

1. d4 d5 2. c4 e6 3. Nf3 Nf6 4. Bg5 Nbd7 5. e3 c6 6. Nc3 Qa5 7. Bxf6 Nxf6 8.
Nd2 Bb4 9. Qc2 O-O 10. Bd3 Qc7 11. O-O e5 12. dxe5 Qxe5 13. Nf3 Qh5 14. Ne2 Bd6
15. c5 Bc7 16. Ng3 Bxg3 17. fxg3 Re8 18. Rae1 Ne4 19. Bxe4 Rxe4 20. Nd2 Re7 21.
e4 Qg6 22. Qa4 Qg5 23. Nf3 Qg4 24. Nd2 1/2-1/2

[Event "SR 3. liga A2 2004/2005"]
[Site "?"]
[Date "2005.??.??"]
[Round "?"]
[White "Havlicek, Peter"]
[Black "Zajicek, Ferdinand"]
[Result "0-1"]
[WhiteElo "1675"]
[BlackElo "1725"]
[Annotator "Gbely - Senica B"]
[PlyCount "144"]
[EventDate "2004.??.??"]

1. e4 e5 2. Nf3 Nc6 3. c3 Nf6 4. d3 Be7 5. Be2 d6 6. O-O O-O 7. h3 h6 8. Be3
Nh7 9. Nh2 Bg5 10. f4 exf4 11. Bxf4 Bxf4 12. Rxf4 f5 13. Nd2 fxe4 14. Rxf8+
Qxf8 15. Nxe4 Qf4 16. Qb3+ Kh8 17. Rf1 Qe3+ 18. Rf2 Ne5 19. Nf1 Qb6 20. Qxb6
axb6 21. d4 Nd7 22. a3 d5 23. Neg3 Ndf6 24. Ne3 Bd7 25. Bd3 Re8 26. Nef5 Ng5
27. Kh2 Nge4 28. Re2 c5 29. Nh4 Nd6 30. Ng6+ Kg8 31. Rxe8+ Bxe8 32. Ne5 Nd7 33.
Nxd7 Bxd7 34. Ne2 Bf5 35. Bxf5 Nxf5 36. g4 Ne3 37. Nf4 Kf7 38. Kg3 g5 39. Nd3
c4 40. Nf2 b5 41. Kf3 Nc2 42. Ke2 Na1 43. Nd1 Nb3 44. Ne3 Ke6 45. Nf5 h5 46.
Ng7+ Kf7 47. Nxh5 Nc1+ 48. Kd2 Nd3 49. Ng3 Nf2 50. Nf5 Nxh3 51. Nd6+ Ke6 52.
Nxb7 Nf2 53. Nc5+ Kd6 54. b4 Nxg4 55. a4 bxa4 56. Nxa4 Kc6 57. Nc5 Nf6 58. Ne6
g4 59. Nf4 g3 60. Ke1 Ne4 61. Kf1 Nxc3 62. Kg2 Ne4 63. b5+ Kxb5 64. Nxd5 Ka4
65. Ne3 c3 66. d5 Kb5 67. Nc2 Kc5 68. Ne3 Kd4 69. Nc2+ Kxd5 70. Ne3+ Kd4 71.
Nc2+ Kd3 72. Nb4+ Kd2 0-1

[Event "SR 3. liga A2 2004/2005"]
[Site "?"]
[Date "2005.??.??"]
[Round "?"]
[White "Godula, Martin"]
[Black "Kubis, Ivan"]
[Result "1-0"]
[WhiteElo "2110"]
[BlackElo "2060"]
[Annotator "Piestany B - Skalica"]
[PlyCount "49"]
[EventDate "2004.??.??"]

1. e4 e5 2. Nf3 Nc6 3. Bb5 a6 4. Ba4 Nf6 5. d3 b5 6. Bb3 Be7 7. O-O O-O 8. Re1
d6 9. c3 Bb7 10. Nbd2 Nd7 11. Nf1 Bf6 12. Ng3 g6 13. Bh6 Re8 14. Qd2 Na5 15.
Bc2 c5 $11 16. h3 Nc6 17. Nh2 Nf8 18. Ng4 Be7 19. Rf1 Ne6 20. f4 exf4 21. Bxf4
h5 22. Nh6+ Kg7 23. Be3 Ng5 24. h4 Kxh6 25. Rxf7 1-0

[Event "SR 3. liga A2 2004/2005"]
[Site "?"]
[Date "2005.??.??"]
[Round "?"]
[White "Hrubsa, Vladimir"]
[Black "Stepanovic, Branislav"]
[Result "0-1"]
[WhiteElo "1990"]
[BlackElo "2055"]
[Annotator "Piestany B - Skalica"]
[PlyCount "108"]
[EventDate "2004.??.??"]

1. e4 e5 2. Nf3 Nc6 3. Bb5 a6 4. Bxc6 dxc6 5. O-O f6 6. d4 exd4 7. Nxd4 c5 8.
Nb3 Qxd1 9. Rxd1 Bd7 10. Be3 b6 11. Nc3 O-O-O 12. a4 a5 13. Nb5 Bxb5 14. Rxd8+
Kxd8 15. axb5 Ne7 16. Rd1+ Kc8 17. Nd2 Ng6 18. f4 Bd6 19. g3 Re8 20. Kf2 Bf8
21. Kf3 Rd8 22. Re1 Kb7 23. Nc4 c6 24. Na3 cxb5 25. Nxb5 Ne7 26. Ke2 Nc6 27. c3
Na7 28. Na3 b5 29. Rd1 Rxd1 30. Kxd1 Kc6 31. Kc2 Nc8 32. c4 b4 33. Nb5 a4 34.
Kd3 g6 35. e5 fxe5 36. fxe5 Kd7 37. h4 h5 38. Ke4 Nb6 39. Kd3 Ke6 40. Bf4 Kf5
41. Nc7 Nd7 42. e6 Ne5+ 43. Kc2 b3+ 44. Kb1 Bd6 45. Bg5 Nc6 46. e7 Nxe7 47. Na6
Nc6 48. Be3 Ne5 49. Bxc5 Nxc4 50. Bxd6 Nxd6 51. Nc5 Kg4 52. Nxa4 Kxg3 53. Nc5
Kxh4 54. Nxb3 Kg3 0-1

[Event "SR 3. liga A2 2004/2005"]
[Site "?"]
[Date "2005.??.??"]
[Round "?"]
[White "Mihalik, Anton"]
[Black "Londin, Martin"]
[Result "0-1"]
[WhiteElo "2030"]
[BlackElo "1925"]
[Annotator "Piestany B - Skalica"]
[PlyCount "76"]
[EventDate "2004.??.??"]

1. e4 e5 2. Nf3 Nc6 3. Bb5 a6 4. Ba4 Nf6 5. d3 d6 6. c3 Bd7 7. O-O g6 8. Re1
Bg7 9. Nbd2 O-O 10. Nf1 Nh5 11. Bg5 Qc8 12. Ne3 f6 13. Bh4 Ne7 14. Bb3+ Kh8 15.
d4 Qe8 16. Qc2 g5 17. Bg3 Qg6 18. Nf1 f5 19. exf5 Bxf5 20. Qd2 e4 21. Qxg5 exf3
22. Qxe7 Nf4 23. Ne3 Rae8 24. Qxc7 Ne2+ 25. Kf1 Bd3 26. Rxe2 Rxe3 27. fxe3
fxe2+ 28. Ke1 Bh6 29. Kd2 Qe4 30. Be5+ dxe5 31. Qxe5+ Qxe5 32. dxe5 Rf1 33. Re1
Kg7 34. e6 Kf6 35. Bd5 b6 36. Bf3 Rxe1 37. Kxe1 Bxe3 38. Bg4 Bc5 {biely eas}
0-1

[Event "SR 3. liga A2 2004/2005"]
[Site "?"]
[Date "2005.??.??"]
[Round "?"]
[White "Vepy, Ivan"]
[Black "Gono, Pavol"]
[Result "0-1"]
[WhiteElo "1890"]
[BlackElo "1940"]
[Annotator "Piestany B - Skalica"]
[PlyCount "72"]
[EventDate "2004.??.??"]

1. e4 c6 2. d4 d5 3. exd5 cxd5 4. Nf3 Bg4 5. Be2 Nf6 6. O-O e6 7. c3 Be7 8. Bg5
O-O 9. h3 Bxf3 10. Bxf3 Qc7 11. Nd2 Nbd7 12. Re1 Bd6 13. Rc1 b5 14. Be2 a6 15.
Bd3 Rac8 16. Nf3 Qb8 17. Ne5 Nxe5 18. dxe5 Bxe5 19. f4 Bxf4 20. Bxf6 gxf6 21.
Rc2 f5 22. Rf1 Kh8 23. Qf3 Bh2+ 24. Kh1 Qg3 25. Qd1 Rg8 26. Rf3 Qc7 27. g4 fxg4
28. hxg4 Bf4 29. Rcf2 e5 30. Bf5 Rcd8 31. Qc2 Rg7 32. Rh3 f6 33. Rff3 e4 34.
Rf1 Re8 35. Rd1 Qe5 36. Kg2 Qxf5 0-1

[Event "SR 3. liga A2 2004/2005"]
[Site "?"]
[Date "2005.??.??"]
[Round "?"]
[White "Furjel, Andrej"]
[Black "Pagac, Robert"]
[Result "1-0"]
[WhiteElo "2005"]
[BlackElo "1800"]
[Annotator "Piestany B - Skalica"]
[PlyCount "105"]
[EventDate "2004.??.??"]

1. Nf3 Nc6 2. d4 d5 3. e3 Nf6 4. Nbd2 e6 5. c4 Be7 6. Bd3 a6 7. O-O O-O 8. b3
Ne8 9. Bb2 f5 10. Ne5 Nf6 11. Ndf3 Nxe5 12. Nxe5 c6 13. a4 Bd6 14. Qe2 Qe8 15.
Ba3 Bxa3 16. Rxa3 Nd7 17. f4 Nxe5 18. dxe5 Bd7 19. a5 Qe7 20. Ra2 Qb4 21. Qb2
Qc5 22. Rf3 Qe7 23. b4 Rac8 24. Ra1 Rfd8 25. c5 Rf8 26. Kh1 Rf7 27. Rg1 g6 28.
g4 Rg7 29. Rfg3 Rf8 30. g5 Kf7 31. Kg2 Rh8 32. Rh3 Qf8 33. Rh6 Ke7 34. Kf2 Qf7
35. Qa3 Ke8 36. Ke2 Qe7 37. Kd2 Kd8 38. Kc3 Kc7 39. Rh1 Qf7 40. Qc1 Kd8 41. h4
Ke7 42. Rh2 Be8 43. Qh1 Qf8 44. Be2 Rhg8 45. h5 Qf7 46. Rxh7 Rxh7 47. hxg6 Qxg6
48. Rxh7+ Rg7 49. Rh6 Qf7 50. Bh5 Qg8 51. Bxe8 Qxe8 52. Rh8 Rg8 53. Qh7+ 1-0

[Event "SR 3. liga A2 2004/2005"]
[Site "?"]
[Date "2005.??.??"]
[Round "?"]
[White "Salasek, Vaclav"]
[Black "Moravcik, Marian"]
[Result "1/2-1/2"]
[WhiteElo "1700"]
[BlackElo "1995"]
[Annotator "Piestany B - Skalica"]
[PlyCount "61"]
[EventDate "2004.??.??"]

1. d4 Nf6 2. e3 g6 3. f4 d6 4. Nf3 Bg7 5. c3 O-O 6. Bd3 Re8 7. O-O c6 8. Qe1
Bg4 9. Qh4 Bxf3 10. Rxf3 e5 11. fxe5 dxe5 12. Bc4 a5 13. a3 b5 14. Bb3 a4 15.
Bc2 Nbd7 16. Nd2 Nd5 17. Qxd8 Raxd8 18. Ne4 f5 19. Ng3 exd4 20. exd4 Re1+ 21.
Rf1 Rde8 22. Rxe1 Rxe1+ 23. Kf2 Re8 24. Bd2 N7f6 25. h3 Kf7 26. Re1 Rxe1 27.
Kxe1 Bf8 28. Ke2 Bd6 29. Nf1 Nh5 30. Kf3 Kf6 31. Ne3 1/2-1/2

[Event "SR 3. liga A2 2004/2005"]
[Site "?"]
[Date "2005.??.??"]
[Round "?"]
[White "Sulek, Viliam"]
[Black "Sekera, Branislav"]
[Result "1/2-1/2"]
[WhiteElo "2120"]
[BlackElo "2160"]
[Annotator "Gabeikovo - Modranka"]
[PlyCount "134"]
[EventDate "2004.??.??"]

1. e4 c6 2. d4 d6 3. Nc3 Qc7 4. f4 Nf6 5. Nf3 Bg4 6. e5 Nd5 7. Ne4 dxe5 8. fxe5
e6 9. Bc4 c5 10. dxc5 Bxf3 11. Qxf3 Bxc5 12. Bxd5 exd5 13. Nxc5 Qxc5 14. c3 Nc6
15. Be3 d4 16. Bf4 dxc3 17. Qxc3 Qxc3+ 18. bxc3 Rc8 19. Rd1 O-O 20. Rd7 Na5 21.
O-O Rc6 22. Be3 a6 23. Bd4 b5 24. Re1 Re6 25. Bc5 Rc8 26. Rf1 f6 27. exf6 gxf6
28. Bd4 Rf8 29. Rf3 Rf7 30. Rg3+ Kf8 31. Rd8+ Ke7 32. Rgg8 Rg7 33. Rgf8 Rc6 34.
Rde8+ Kd7 35. Ra8 Rg6 36. Ra7+ Ke6 37. Rxh7 Nc4 38. h4 Kf5 39. h5 Rg5 40. h6
Rg6 41. Rhh8 Re6 42. h7 Rh6 43. Kf2 Ne5 44. Bxe5 Rxe5 45. Rf7 Re4 46. Rhf8 Reh4
47. h8=Q Rxh8 48. Rxf6+ Ke4 49. Rxh8 Rxh8 50. Rxa6 Kd3 51. a4 Rf8+ 52. Kg1 bxa4
53. Rxa4 Kxc3 54. Re4 Kd3 55. Re7 Kd4 56. g3 Kd5 57. Kg2 Kd6 58. Re1 Rf7 59. g4
Re7 60. Rf1 Ke6 61. Kg3 Rf7 62. Ra1 Kf6 63. Ra6+ Kg5 64. Ra5+ Kg6 65. Rb5 Rf1
66. Kg2 Rf4 67. Kg3 Rf1 1/2-1/2

[Event "SR 3. liga A2 2004/2005"]
[Site "?"]
[Date "2005.??.??"]
[Round "?"]
[White "Sturdik, Igor"]
[Black "Janko, Ladislav"]
[Result "0-1"]
[WhiteElo "1925"]
[BlackElo "2200"]
[Annotator "Gabeikovo - Modranka"]
[PlyCount "64"]
[EventDate "2004.??.??"]

1. e4 c5 2. Nf3 d6 3. d4 cxd4 4. Nxd4 Nf6 5. Nc3 g6 6. Be3 Bg7 7. f3 O-O 8. Bc4
Nc6 9. Qd2 Nxd4 10. Bxd4 Be6 11. Bb3 Qa5 12. O-O-O Rfc8 13. Kb1 Bxb3 14. cxb3
Rc6 15. Bxf6 Bxf6 16. Nd5 Qxd2 17. Nxf6+ Kg7 18. Nh5+ Kh6 19. Rxd2 Kxh5 20. Rc1
Rac8 21. Rxc6 Rxc6 22. Rc2 Kg5 23. Rxc6 bxc6 24. g3 f5 25. exf5 gxf5 26. Kc2 e5
27. h4+ Kh5 28. Kd3 d5 29. b4 e4+ 30. fxe4 fxe4+ 31. Ke3 Kg4 32. Kf2 d4 0-1

[Event "SR 3. liga A2 2004/2005"]
[Site "?"]
[Date "2005.??.??"]
[Round "?"]
[White "Petenyi, Tamas"]
[Black "Kohoutek, Pavol"]
[Result "1/2-1/2"]
[WhiteElo "2035"]
[BlackElo "2085"]
[Annotator "Gabeikovo - Modranka"]
[PlyCount "43"]
[EventDate "2004.??.??"]

1. e4 e6 2. d4 d5 3. Nc3 Nf6 4. e5 Nfd7 5. f4 a6 6. Nf3 c5 7. Be3 Nc6 8. Be2 b5
9. O-O cxd4 10. Nxd4 Nxd4 11. Bxd4 Bc5 12. Bxc5 Nxc5 13. Bf3 Qb6 14. Kh1 g6 15.
Qd2 Bb7 16. Ne2 Nd7 17. Nd4 Nb8 18. c3 Nc6 19. Rfd1 Nxd4 20. cxd4 Rc8 21. Rac1
O-O 22. b4 1/2-1/2

[Event "SR 3. liga A2 2004/2005"]
[Site "?"]
[Date "2005.??.??"]
[Round "?"]
[White "Mackovic, Miroslav"]
[Black "Puobis, Jozef"]
[Result "1-0"]
[WhiteElo "1930"]
[BlackElo "2060"]
[Annotator "Gabeikovo - Modranka"]
[PlyCount "151"]
[EventDate "2004.??.??"]

1. e4 e5 2. Nf3 Nf6 3. Nxe5 d6 4. Nf3 Nxe4 5. d4 d5 6. Bd3 Nc6 7. c3 Be7 8.
Nbd2 Nxd2 9. Bxd2 O-O 10. Qc2 g6 11. O-O Bf6 12. Rfe1 Qd6 13. h3 Bg7 14. b4 Ne7
15. Re2 Nf5 16. Rae1 Bd7 17. Ne5 Bxe5 18. Rxe5 Ng7 19. Bf4 Be6 20. Bh2 Qd7 21.
g4 Rfe8 22. f4 f6 23. R5e3 f5 24. g5 Bf7 25. Re5 Rxe5 26. dxe5 a6 27. Bf1 Rd8
28. Rd1 Ne6 29. Bg3 Qc6 30. Bg2 Qb6+ 31. Bf2 Qb5 32. Qc1 Qc4 33. Bd4 Qxa2 34.
Bf1 Qb3 35. Be2 Nxd4 36. Rxd4 Qa4 37. Qd2 Qe8 38. c4 c6 39. Bf3 Qe6 40. c5 Qd7
41. h4 Qe7 42. Qe1 a5 43. Kg2 Ra8 44. Kg3 Kg7 45. Rd3 axb4 46. Qxb4 b5 47. Qb2
Be6 48. Qf2 Ra1 49. Qd4 Ra4 50. Qe3 Qa7 51. h5 gxh5 52. Bxh5 Re4 53. Qf2 Qa1
54. Bd1 Qc1 55. Qf3 Qxc5 56. Qh1 Kg8 57. Rf3 Re3 58. Kg2 Rxf3 59. Bxf3 Qf8 60.
Kg3 b4 61. Qd1 Qe7 62. Qa4 c5 63. Qc6 b3 64. Bxd5 Kf7 65. Bxe6+ Qxe6 66. Qxc5
b2 67. Qb5 Qa2 68. Qd7+ Kg8 69. Qd8+ Kg7 70. Qf6+ Kg8 71. e6 Qa3+ 72. Kh4 Qf8
73. Qxb2 Qa8 74. Kg3 Qe4 75. Qb8+ Kg7 76. Qe5+ 1-0

[Event "SR 3. liga A2 2004/2005"]
[Site "?"]
[Date "2005.??.??"]
[Round "?"]
[White "Kosar, Mikulas ml"]
[Black "Zarecky, Eduard"]
[Result "1-0"]
[WhiteElo "2005"]
[BlackElo "1920"]
[Annotator "Gabeikovo - Modranka"]
[PlyCount "37"]
[EventDate "2004.??.??"]

1. e4 c5 2. Nf3 Nc6 3. Bb5 a6 4. Bxc6 bxc6 5. O-O d5 6. e5 Bg4 7. c3 Qb6 8. d3
Nh6 9. Bxh6 Qxb2 10. Qa4 Bd7 11. Bc1 Qxa1 12. Qb3 c4 13. dxc4 dxc4 14. Qb7 Rd8
15. Rd1 Qxa2 16. Rxd7 Rxd7 17. Qc8+ Rd8 18. Qxc6+ Rd7 19. e6 1-0

[Event "SR 3. liga A2 2004/2005"]
[Site "?"]
[Date "2005.??.??"]
[Round "?"]
[White "Kubica, Adrian"]
[Black "Kozinka, Jan"]
[Result "1/2-1/2"]
[WhiteElo "1950"]
[BlackElo "1720"]
[Annotator "Gabeikovo - Modranka"]
[PlyCount "36"]
[EventDate "2004.??.??"]

1. e4 e5 2. Nf3 Nf6 3. Nxe5 d6 4. Nf3 Nxe4 5. d4 Be7 6. Bd3 Nf6 7. O-O O-O 8.
Bg5 h6 9. Bh4 Bg4 10. Nbd2 Nbd7 11. Re1 Nd5 12. Bxe7 Nxe7 13. h3 Bh5 14. Ne4
Nd5 15. c3 Nf4 16. Ng3 Nxd3 17. Qxd3 Bg6 18. Qd2 Kh8 1/2-1/2